000 004930000a22001810004500
003 MACL
005 20150819160138.0
008 150819b xxu||||| |||| 00| 0 eng d
040 _aMACL
_cMACL
041 _aEnglish
082 _a610/HAR
100 _aHarrison , Mark
_96303
245 _aPublic Health In British India: Anglo I̜ndian Preventive Medicine 1859-1914
260 _aNew Delhi
_bFoundation Books
_c1994
350 _a395
650 _aMedical Science
_985
942 _cBK
_k610
_2ddc
999 _c3371
_d3371